Estadísticas para Capitales mundiales por letra - K

Haz click aquí para intentar la prueba.

Estadísticas generales

  • Esta prueba ha sido intentada 3.552 veces
    (3.542 desde el último reinicio)
  • La puntuación promedio es 7 de 10

Estadísticas de respuestas

PaísCapital% Correcto
UcraniaKiev
82%
JamaicaKingston
80%
NepalKatmandú
68%
MalasiaKuala Lumpur
68%
R.D. CongoKinsasa
66%
San Vincente y las GrenadinasKingstown
65%
KuwaitKuwait
65%
AfganistánKabul
64%
UgandaKampala
56%
RuandaKigali
55%

Distribución de puntuación

Porcentaje por número respondido

Porcentaje de gente con cada puntuación

Historial de tus puntuaciones

No has intentado esta prueba desde el último reinicio